000 00652nam a22002177a 4500
005 20251108172512.0
008 250721s1992 xx 000 0 ara d
082 1 4 _aط/591/لمو
100 1 _aلمون، روبرت
_eمؤلف
245 1 0 _aالغريب في عالم الحيوان /
250 _aط7. محدثة
264 1 _aالقاهرة :
_bدار المعارف،
_c1992.
300 _a119ص.
490 0 _aكل شىء عن
_v7.
650 1 7 _aالحيوانات
650 1 7 _aعلم الحيوان
653 _aناشئون صغار (10-14) سنة
700 1 _aعطا، كامل
_eمترجم
942 _2ddc
_cBK
999 _c81012
_d81012